LEADER 01445nam 2200409 450 001 996575505103316 005 20230414115842.0 010 $a1-5386-9374-7 035 $a(CKB)5590000000006060 035 $a(NjHacI)995590000000006060 035 $a(EXLCZ)995590000000006060 100 $a20230414d2018 uy 0 101 0 $aeng 135 $aur||||||||||| 181 $ctxt$2rdacontent 182 $cc$2rdamedia 183 $acr$2rdacarrier 200 10$a2018 IEEE MIT Undergraduate Research Technology Conference (URTC) /$fInstitute of Electrical and Electronics Engineers (IEEE) 210 1$aPiscataway, New Jersey :$cInstitute of Electrical and Electronics Engineers (IEEE),$d2018. 215 $a1 online resource $cillustrations some color 311 $a1-5386-9375-5 517 $a2018 IEEE MIT Undergraduate Research Technology Conference 606 $aTechnological innovations$vCongresses 606 $aTechnological innovations 606 $aConference papers and proceedings 606 $aTechnology$xResearch 615 0$aTechnological innovations 615 0$aTechnological innovations. 615 0$aConference papers and proceedings. 615 0$aTechnology$xResearch. 676 $a338.064 801 0$bNjHacI 801 1$bNjHacl 906 $aPROCEEDING 912 $a996575505103316 996 $a2018 IEEE MIT Undergraduate Research Technology Conference (URTC)$92535846 997 $aUNISA LEADER 02946nam 2200433z- 450 001 9910743288203321 005 20230911 010 $a2-7351-2987-X 024 7 $a10.4000/books.editionsmsh.55940 035 $a(CKB)5600000000630815 035 $a(PPN)271944056 035 $a(oapen)doab113592 035 $a(EXLCZ)995600000000630815 100 $a20230808d2023uuuu my- 0 101 0 $afre 135 $aurmn|---annan 181 $ctxt$2rdacontent 182 $cc$2rdamedia 183 $acr$2rdacarrier 200 00$aPréhistoire. Nouvelles frontières 210 $aParis$cÉditions de la Maison des sciences de l'homme$d2023 210 31$aParis, France:$cÉditions de la Maison des sciences de l?homme$d2023. 215 $a1 online resource (468 p.) 225 1 $a54 330 $aL'archéologie préhistorique, inventée il y a à peine deux siècles, est une science récente?; c'est également une science en constante évolution dont les frontières restent indéterminées. Ce qu'elle est aujourd'hui devenue n'a plus guère à voir avec ce qu'elle a pu être?: progressant vite, cette discipline rassemble autour d'elle des compétences exception­nellement nombreuses (géologiques, zoologiques, paléoanthropologiques, etc.). L'ambition de cet ouvrage est donc multiple. Interrogeant la provenance de cette discipline et l'évolution de ses rapports avec d'autres sciences, il propose tout d'abord une ­cartographie des avancées en cours. Et, pour cela, quelques-uns des meilleurs spécialistes de la discipline ont été sollicités. Mais il s'agit tout autant, d'une part, de porter un regard critique sur l'épistémologie qu'elle déploie et, d'autre part, de mener une réflexion sur les défis qu'il lui faut relever afin de se rendre pleinement visible. C'est pourquoi quatre axes de questionnement ont ici été privilégiés : le rapport au temps (et à l'histoire plus récente), l'évocation de récentes percées scientifiques, la confrontation aux autres sciences humaines, le partage du savoir au-delà des cercles ­savants. En cela cet ouvrage, à l'instar de ce qu'a finalement toujours été la préhistoire, se veut ­résolument interdisciplinaire. Aussi mobilise-t-il, en plus d'archéologues aux compétences multiples, des anthropologues, des historiens, des philosophes. Seule une telle interdisciplinarité peut nous permettre d'esquisser à petites touches les nouvelles frontières, dynamiques, mouvantes et toujours prometteuses, de la préhistoire. 606 $aArchaeology$2bicssc 607 $aFrance$2fast 610 $aépistémologie 610 $aphilosophie 610 $apréhistoire 615 7$aArchaeology 702 $aGeneste$b Jean-Michel 702 $aGrosos$b Philippe$f1963- 702 $aValentin$b Boris 906 $aBOOK 912 $a9910743288203321 996 $aPréhistoire. Nouvelles frontières$93645482 997 $aUNINA 999 $aISBN